Morgan Wallen Quiz: How well do you know him? - Statistics

General Stats
  • This quiz has been taken 99 times
  • The average score is 7 of 15
Answer Stats
Question Answer % Correct
What sport did Morgan Wallen play in when he was in high school? Baseball
87%
Was Morgan Wallen on The Voice? Yes
77%
Is Morgan Wallen your favorite singer? YES
70%
How much do you like this quiz? A lot
68%
How many albums does he have? 4
66%
What is his ex's name? KT Smith
57%
What is his sons name? Indigo
54%
When is Morgan Wallen's birthday? May 13th
54%
How many songs are in his I'm the Problem album? 37
46%
How many songs are in his One thing at a Time album? 36
41%
What is Morgan Wallen's most listened to song? Whiskey Glasses
30%
How many number one hits does he have? 19
29%
Did Morgan Wallen ever go to college? Yes
23%
Which other country star did he go to high school with? Kenny Chesney
18%
What instruments did he play as a child? Violin and piano
14%
No matching quizzes found
Score Distribution
Percent of People with Each Score
Percentile by Number Answered
Your Score History
You have not taken this quiz